Is cause-related marketing a winning strategy? : (Record no. 18337)
[ view plain ]
| 000 -LEADER | |
|---|---|
| fixed length control field | 00959nam a22002417a 4500 |
| 003 - CONTROL NUMBER IDENTIFIER | |
| control field | OSt |
| 005 - DATE AND TIME OF LATEST TRANSACTION | |
| control field | 20250909143225.0 |
| 008 - FIXED-LENGTH DATA ELEMENTS--GENERAL INFORMATION | |
| fixed length control field | 231017b ||||| |||| 00| 0 eng d |
| 040 ## - CATALOGING SOURCE | |
| Transcribing agency | 0 |
| 082 ## - DEWEY DECIMAL CLASSIFICATION NUMBER | |
| Classification number | DPer 658.8005 J826 Winter-Fall 2020 v. 28 n. 1-4 |
| 100 ## - MAIN ENTRY--PERSONAL NAME | |
| Personal name | Das, Neel. |
| Relator term | author. |
| 9 (RLIN) | 49606 |
| 245 ## - TITLE STATEMENT | |
| Title | Is cause-related marketing a winning strategy? : |
| Remainder of title | an event study analysis / |
| Statement of responsibility, etc. | Neel Das, Chris McNeil, Richard W. Pouder, and Joseph P. Daly. |
| 260 ## - PUBLICATION, DISTRIBUTION, ETC. (IMPRINT) | |
| Place of publication, distribution, etc. | Philadelphia ; |
| Name of publisher, distributor, etc. | Taylor & Francis Group , |
| Date of publication, distribution, etc. | Winter 2020. |
| 300 ## - PHYSICAL DESCRIPTION | |
| Extent | Volume 28, pages 43-55 : |
| Other physical details | illustration ; |
| Dimensions | 28 cm. |
| 500 ## - GENERAL NOTE | |
| General note | Journal of Marketing Theory and Practice, vol. 28, no. 1, pages 43-55, Winter 2020. |
| 650 ## - SUBJECT ADDED ENTRY--TOPICAL TERM | |
| Topical term or geographic name as entry element | Marketing. |
| 9 (RLIN) | 49607 |
| 650 ## - SUBJECT ADDED ENTRY--TOPICAL TERM | |
| Topical term or geographic name as entry element | Strategy. |
| 9 (RLIN) | 18422 |
| 700 ## - ADDED ENTRY--PERSONAL NAME | |
| Personal name | Das, Neel. |
| Relator term | author. |
| 9 (RLIN) | 49606 |
| 700 ## - ADDED ENTRY--PERSONAL NAME | |
| Personal name | McNeil, Chris. |
| Relator term | author. |
| 9 (RLIN) | 49608 |
| 700 ## - ADDED ENTRY--PERSONAL NAME | |
| Personal name | Pouder, Richard W. |
| Relator term | author. |
| 9 (RLIN) | 49609 |
| 700 ## - ADDED ENTRY--PERSONAL NAME | |
| Personal name | Daly, Joseph P. |
| Relator term | author. |
| 9 (RLIN) | 49610 |
| 942 ## - ADDED ENTRY ELEMENTS (KOHA) | |
| Source of classification or shelving scheme | Dewey Decimal Classification |
| Koha item type | Periodicals |
| Withdrawn status | Lost status | Source of classification or shelving scheme | Damaged status | Not for loan | Collection code | Home library | Current library | Date acquired | Total Checkouts | Full call number | Date last seen | Price effective from | Koha item type | Public note |
|---|---|---|---|---|---|---|---|---|---|---|---|---|---|---|
| Dewey Decimal Classification | Periodicals | UM Digos College - LIC | UM Digos College - LIC | 10/17/2023 | DPer 658.8005 J826 Winter-Fall 2020 v. 28 n. 1-4 | 10/17/2023 | 10/17/2023 | Periodicals | Periodical Article |
